000 01058nam a22002777i 4500
999 _c23329
_d23329
003 AR-CdUCM
008 250722b20192019 pe||||| |||| 00| 0 spa d
040 _aMUNICIPALIDAD PROVINCIAL DEL CUSCO
_cBIBLIOTECA MUNICIPAL DEL CUSCO
041 _hspa
082 _a353.597 / G55
_bG55
100 _a
_951258
110 _aGobierno Regional del Cusco
_99437
245 _aPERTUR CUSCO 2019-2025 - Plan Estratégico Regional de Turismo
300 _a354 páginas. :
_bIlustraciones
_c33x21 cm.
505 _aDiagnostico del Turismo en la Regíon -- Análisis de la demanda -- Análisis del producto turístico -- Facilidades para el turismo -- Promoción y comercialización -- Análisis Prospectivo -- Formulación del plan de acción
650 _aTurismo
_951259
650 _aDemanda
_94621
650 _aProducto turístico
_951260
650 _aCompetencia
_98954
650 _aVariables
_96327
650 _aTendencias
_92317
650 _aEstrategias
_913946
856 _fwww.mincetur.gob.pe
942 _2ddc
_cLIBROS
945 _apbjr
_d22-07-2025